zpět

Detail výsledku týmu

Záložna ST, Pardubice

Datum a čas kvízu

33.5 Celkem bodů Celkový počet nahraných bodů na tomto kvízu bez doplňovacích otázek.
8. Pořadí na kvízu Konečné umístění týmu na tomto kvízu.

Zaznamenané odpovědi

# Otázka Odpověď Body Výsledky
1. Řídit soupravu pražského metra... 1
2. Loď slavného polárního badatel... 0
3. Čínské úřady nedovolily v zemi... 1
4. Známá vltavská Barevná skála j... 0
5. Francouz Kevin Mayer je mistre... 1
6. Partnerem Hospodského kvízu se... 1
7. Když se řekne rum, může to něk... 0
8. Jak se dvěma cizími slovy nazý... 0
9. Napište podtitul prvního dílu... 1
10. Ikonou rumů značky Captain Mor... 0